| 000 | 00832nam a2200313Ia 4500 | ||
|---|---|---|---|
| 008 | 160803s9999 xx 000 0 und d | ||
| 020 | _a9780439448949 | ||
| 100 | _aBaglio, Ben M. | ||
| 245 | _aHusky in a hut / | ||
| 245 | _cBen M. Baglio ; illustrations by Ann Baum. | ||
| 260 | _aNew York : | ||
| 260 | _bScholastic Inc. | ||
| 260 | _c2002 | ||
| 300 | _a131 pages : | ||
| 300 | _billustrations ; | ||
| 300 | _c20 cm. | ||
| 500 | _a"An Apple paperback." | ||
| 650 | _aAnimal Ark (Imaginary organization) -- | ||
| 650 | _aBaffin Island (Nunavut) -- | ||
| 650 | _aDogs -- | ||
| 650 | _aSiberian husky -- | ||
| 650 | _aVeterinarians -- | ||
| 650 | _xFiction. | ||
| 650 | _xFiction. | ||
| 650 | _xJuvenile fiction. | ||
| 650 | _xJuvenile fiction. | ||
| 650 | _xJuvenile fiction. | ||
| 700 | _a620 | ||
| 999 |
_c299858 _d299858 |
||